000 00394nam a2200145Ia 4500
008 240729s9999 xx 000 0 und d
022 _a2284-2594
245 0 _aEuropean Journal of Case Reports in Internal Medicine
260 _aItaly
260 _bSMC MEDIA SRL
650 _aMedicine
856 _uhttps://doaj.org/toc/00d135fb3dbd4af3a809931bf97a05d0
942 _2ddc
942 _cDOAJEJ
999 _c66387
_d66387
945 _a1
_bMadushi Gamage
_c1
_dMadushi Gamage